1339 1201 1757 1055 1747 1025 1531 1957 1991 1773 1885 1674 1432 1926 1250 1843 1683 1967 1689 1376 1901 1354 1284 1018 1011 1507 1246 1127 1335 1071 1360 1175 1959 1482 1164 1083 1259 1497 1747 1819 1306 1656 1505 1231 1837 1426 1217 1239 1743 1824 1580 1971 1343 1383 1984 1850 1527 1843 1288 1873 1376 1322 1900 1769 1282 1549 1498 1702 1988 1933 1288 1261 1287 1848 1177 1701 1019 1146 1583 1562 1508 1729 1630 1848 1517 1588 1562 1620 1953 1425 1188 1684 1147 1128 1746 1597 1801 1260 1756 BCNSPRNW ULIB Ver.6.0+V

เปลี่ยนเป็นภาษาไทย

Change to English
 แสดงรายละเอียดบรรณานุกรม
  กลับหน้าหลัก

Brief Record : Get Marc (ISO 2709) : E-mail record : QR code < ปิดหน้าต่าง
LEADER : 00000nam 2200000uu 4500
001    13399108973
003     ULIB
008    110315s2551||||th 000 0 tha d
060  4 WQ200^bบ783ภ 2551
100 0  เบญจมาภรณ์ นาคามดี
245 00 โภชนาการกับการตั้งครรภ์/^cภัทรา เจดีย์ศรี
260    พิษณุโลก:^bวิทยาลัยพยาบาลบรมราชชนี พุทธชินราช,^c2551
300    97 หน้า
650  7 โภชนาการในสตรีตั้งครรภ์
650  7 โภชนาการกับการตั้งครรภ์
650  7 อาหาร^xตั้งครรภ์
710 1  สถาบันพระบรมราชชนก^bวิทยาลัยพยาบาลบรมราชชนี พุทธชินราช
945    ^p0^l0^i023392
995    ทศพร
999 ^a ใช้งานได้ทุกระบบ
รายการนี้ยังไม่มีแท็ก
คุณยังไม่ได้ล็อกอิน คุณสามารถมีกิจกรรมร่วมกับเว็บไซต์ได้ แต่ต้องล็อกอินก่อน ::
  ล็อกอิน

รายการสื่อสารสนเทศ

ลำดับที่ ประเภท เลขเรียก/บาร์โค้ด สถานที่ สถานะ
- ไม่พบข้อมูล -

BibComment


ยังไม่เคยถูกคอมเมนท์

คอมเมนท์ทรัพยากรรายการนี้
  คอมเมนท์: โภชนาการกับการตั้..


 Copyright 2026. Bcnsprnw @Library